State and diplomacy in early modern Japan : Asia in the development of the tokugawa bakufu /

Podrobná bibliografie
Hlavní autor: Toby, Ronald P., 1942-
Médium: Kniha
Jazyk:English
Vydáno: Stanford, Calif. : Stanford University Press, c1991.
Vydání:Stanford edition.
Edice:Studies of the East Asian Institute, Columbia University
Témata:
Classic Catalogue: View this record in Classic Catalogue
LEADER 02141nam a2200433 a 4500
001 45777
003 BD-DhAAL
005 20260514121902.0
008 260514t19911984cauab b 001 0 eng
010 |a  91065279  
020 |a 0804719519 
020 |a 0804719527 
020 |a 9780804719513 
020 |a 9780804719520 
035 |a 2017401 
040 |a DLC  |c DLC  |d BD-DhAAL 
043 |a a-ja---  |a ae----- 
050 0 0 |a DS871.7  |b .T6 1991 
082 0 0 |a 327.52  |2 20 
100 1 |a Toby, Ronald P.,  |d 1942-  |9 60754 
245 1 0 |a State and diplomacy in early modern Japan :  |b Asia in the development of the tokugawa bakufu /  |c Ronald P. Toby. 
246 3 |a State and diplomacy in early modern Japan :   |b Asia in the development of the Tokugawa Bakufu 
250 |a Stanford edition. 
260 |a Stanford, Calif. :  |b Stanford University Press,  |c c1991. 
300 |a xxxviii, 309 pages :  |b ill., maps ;  |c 23 cm 
490 1 |a Studies of the East Asian Institute, Columbia University 
500 |a Originally published: Princeton, N.J. : Princeton University Press, c1984. 
504 |a Includes bibliographical references (p. 263-289) and index. 
526 8 |a AAL 
541 1 |a Donated by Embassy of Japan in Bangladesh, Read Japan Project 2025, The Tokyo Foundation, supported by The Nippon Foundation.  |e 45777 
650 0 |a Social science. 
651 0 |a Japan  |x Foreign relations  |y 1600-1868.  |9 60755 
651 0 |a East Asia  |x Foreign relations  |z Japan.  |9 60756 
651 0 |a Japan  |x Foreign relations  |z East Asia.  |9 60757 
830 0 |a Studies of the East Asian Institute, Columbia University  |9 60758 
852 1 |a Ayesha Abed Library  |c General Stacks 
942 |2 ddc  |c BK 
999 |c 47959  |d 47959 
952 |0 0  |1 0  |2 ddc  |4 0  |6 327_520000000000000_TOB  |7 0  |9 79206  |a BRACUL  |b BRACUL  |d 2026-05-14  |e Donated by Embassy of Japan in Bangladesh, Read Japan Project 2025, The Tokyo Foundation, supported by The Nippon Foundation.  |l 0  |o 327.52 TOB  |p 3010045777  |r 2026-05-14  |t 1  |w 2026-05-14  |y BK  |x Donated copy received from Embassy of Japan in Bangladesh, Read Japan Project 2025, The Tokyo Foundation, supported by The Nippon Foundation on 08 April 2026; $30.49